Словарь американского сленга

Manylion Llyfryddiaeth
Prif Awdur: Спиерс Р. А. Ричард А.
Iaith:Saesneg
Cyhoeddwyd: Москва, Русский язык, 1991
Rhifyn:Спец. изд.
Pynciau:
Fformat: Llyfr
KOHA link:https://koha.lib.tpu.ru/cgi-bin/koha/opac-detail.pl?biblionumber=199268

MARC

LEADER 00000nam0a2200000 4500
001 199268
005 20231031184158.0
010 |a 5200014441 
020 |a RU  |b 91-25451 
035 |a (RuTPU)RU\TPU\book\217295 
090 |a 199268 
100 |a 20110728d1991 m a0rusy5003 ca 
101 0 |a eng 
102 |a RU 
105 |a y e 000zy 
200 1 |a Словарь американского сленга  |d Dictionary of American slang  |f Р. А. Спиерс 
205 |a Спец. изд. 
210 |a Москва  |c Русский язык  |c Nat. Textbook co  |d 1991 
215 |a 528 с. 
510 1 |a Dictionary of American slang  |z eng 
610 1 |a сленг 
610 1 |a английский язык 
610 1 |a словари английского языка 
610 1 |a словари 
686 |a Ш143.21-4  |2 rubbk 
700 1 |a Спиерс  |b Р. А.  |g Ричард А.  |4 070 
801 0 |a RU  |b RuMRKP  |c 19950417  |g psbo 
801 1 |a RU  |b 63413507  |c 20110728 
801 2 |a RU  |b 63413507  |c 20161013  |g RCR 
942 |c BK